[Event "Frankfurt Ch 2006"]
[Site "Ffm-Kalbach, LAZ"]
[Date "2006.05.22"]
[Round "5.28"]
[White "Larem, Peter"]
[Black "Kästle, Rainer"]
[Result "0-1"]
[WhiteElo "1792"]
[BlackElo "1987"]
[PlyCount "80"]
[EventDate "2006.05.22"]

1. e4 e6 2. d4 d5 3. Nc3 Nf6 4. Bg5 Be7 5. e5 Nfd7 6. h4 a6 7. Nf3 c5 8. dxc5
Nc6 9. Bxe7 Qxe7 10. Qe2 Nxc5 11. O-O-O Bd7 12. Nd4 b5 13. f4 b4 14. Nb1 Ne4
15. Rh3 Nxd4 16. Rxd4 Bb5 17. Qd1 Bxf1 18. Qxf1 O-O 19. Nd2 Qc5 20. Nb3 Qb6 21.
Qe2 Rac8 22. Qe3 Rc6 23. g4 Rfc8 24. Rh2 a5 25. Rd3 Qc7 26. Nd4 Rc4 27. Qe2 a4
28. Nb5 Qc5 29. b3 axb3 30. axb3 Nc3 31. Nxc3 Rxc3 32. Rxc3 bxc3 33. Qf2 Qa3+
34. Kd1 Qa1+ 35. Ke2 Qc1 36. Kd3 Qd1+ 37. Ke3 d4+ 38. Ke4 d3 39. Ke3 Rd8 40.
Rg2 Qc1+ 0-1

[Event "Frankfurt Ch 2006"]
[Site "Ffm-Kalbach, LAZ"]
[Date "2006.05.22"]
[Round "5.29"]
[White "Seickel, Ralf"]
[Black "Rotermund, Verena"]
[Result "0-1"]
[WhiteElo "1985"]
[BlackElo "1757"]
[PlyCount "90"]
[EventDate "2006.05.22"]

1. d4 Nf6 2. Nf3 g6 3. c4 d6 4. Nc3 Bg7 5. e4 O-O 6. Be2 e5 7. O-O Nc6 8. d5
Ne7 9. Ne1 Nd7 10. Be3 f5 11. f3 f4 12. Bf2 Nf6 13. Nd3 g5 14. g4 fxg3 15. hxg3
a6 16. c5 Qe8 17. cxd6 cxd6 18. Kg2 Qg6 19. Rh1 g4 20. Rh4 Bh6 21. Qg1 Bg5 22.
Rh2 b5 23. f4 exf4 24. gxf4 Bh6 25. f5 Nxf5 26. exf5 Bxf5 27. Rxh6 Qxh6 28. Qh2
Qxh2+ 29. Kxh2 Rae8 30. Nf4 b4 31. Na4 Re4 32. Kg3 Nh5+ 33. Nxh5 Rxe2 34. Re1
Rxf2 35. Kxf2 Bg6+ 36. Kg3 Bxh5 37. Re6 Rf3+ 38. Kg2 Rd3 39. Rxd6 g3 40. Rd8+
Kf7 41. d6 Bf3+ 42. Kxg3 Bc6+ 43. Kf4 Bxa4 44. Ke5 Bb5 45. Rh8 Kg7 0-1

[Event "Frankfurt Ch 2006"]
[Site "Ffm-Kalbach, LAZ"]
[Date "2006.05.22"]
[Round "5.30"]
[White "Henzner, Reiner"]
[Black "Hitzer, Dieter"]
[Result "1-0"]
[WhiteElo "1982"]
[BlackElo "1711"]
[PlyCount "55"]
[EventDate "2006.05.22"]

1. e4 c5 2. Nf3 Nc6 3. Bb5 g6 4. c3 Nf6 5. d3 Bg7 6. O-O O-O 7. Re1 Qc7 8. Nbd2
d6 9. Nf1 Bg4 10. h3 Bd7 11. Bf4 e5 12. Bg5 a6 13. Ba4 b5 14. Bb3 Rab8 15. Rc1
Be6 16. Bxe6 fxe6 17. d4 Nd7 18. d5 Nd8 19. dxe6 Nxe6 20. Be7 Rb6 21. Qd5 Kf7
22. Ng5+ Kxe7 23. Qxe6+ Kd8 24. Qd5 Ke7 25. Ne6 Qb7 26. Nxg7 Rf6 27. Ne3 Nf8
28. Qg8 1-0

[Event "Frankfurt Ch 2006"]
[Site "Ffm-Kalbach, LAZ"]
[Date "2006.05.22"]
[Round "5.31"]
[White "Gutacker, Stephan"]
[Black "Escher, Helmut"]
[Result "0-1"]
[WhiteElo "1789"]
[BlackElo "1981"]
[PlyCount "102"]
[EventDate "2006.05.22"]

1. e4 d5 2. exd5 Qxd5 3. Nc3 Qa5 4. d4 c6 5. Bc4 Bf5 6. Bd2 Qc7 7. Nf3 Nf6 8.
Ne5 e6 9. Qe2 Nbd7 10. O-O-O Nxe5 11. dxe5 Nd5 12. g4 Nxc3 13. Bxc3 Bg6 14. f4
h5 15. h3 hxg4 16. hxg4 Rxh1 17. Rxh1 O-O-O 18. Rf1 b5 19. f5 Bh7 20. fxe6 bxc4
21. Rxf7 Be7 22. Qxc4 Bg6 23. Qa6+ Kb8 24. Rf1 Qb6 25. Qc4 Qb5 26. Qxb5+ cxb5
27. b4 Rc8 28. Kb2 Rc6 29. Rd1 Rxe6 30. Rd7 Be8 31. Rd3 Rg6 32. Rd4 Kc7 33. Bd2
Bd7 34. Bf4 Bxg4 35. e6+ Kc6 36. Rd7 Rxe6 37. Rxa7 Re4 38. Bd2 Bf6+ 39. Kc1 Be6
40. a4 Kb6 41. Ra5 bxa4 42. Rxa4 Rh4 43. Be3+ Kb5 44. Ra5+ Kxb4 45. Bd2+ Bc3
46. Bxc3+ Kxc3 47. Ra3+ Kb4 48. Re3 Bf5 49. Kb2 Rh2 50. Rb3+ Kc4 51. Rc3+ Kd4
0-1

[Event "Frankfurt Ch 2006"]
[Site "Ffm-Kalbach, LAZ"]
[Date "2006.05.22"]
[Round "5.32"]
[White "Weiland, Thomas"]
[Black "Syed, Tareq"]
[Result "1/2-1/2"]
[WhiteElo "1781"]
[BlackElo "1931"]
[PlyCount "53"]
[EventDate "2006.05.22"]

1. e4 e5 2. Nf3 Nc6 3. c3 Nf6 4. d3 d5 5. exd5 Qxd5 6. Be2 Be7 7. O-O O-O 8. h3
Bf5 9. Nh4 Be6 10. Nf3 Rad8 11. Be3 Ne8 12. Nbd2 h6 13. Nb3 Bf5 14. d4 e4 15.
Nfd2 Qd7 16. g4 Bh7 17. Nc5 Bxc5 18. dxc5 Ne5 19. f4 exf3 20. Nxf3 Qe7 21. Bd4
Ng6 22. Bd3 Nf4 23. Bxh7+ Kxh7 24. Qc2+ g6 25. Kh2 Ne6 26. Rae1 Nxd4 27. cxd4
1/2-1/2

[Event "Frankfurt Ch 2006"]
[Site "Ffm-Kalbach, LAZ"]
[Date "2006.05.22"]
[Round "5.33"]
[White "Müller, Pascal"]
[Black "Rutkowski, Jörg"]
[Result "0-1"]
[WhiteElo "1785"]
[BlackElo "1919"]
[PlyCount "22"]
[EventDate "2006.05.22"]

1. e4 Nf6 2. Nc3 e5 3. f4 d5 4. exd5 Nxd5 5. Nxd5 Qxd5 6. d3 Nc6 7. Nf3 Be6 8.
fxe5 Nxe5 9. Nxe5 Qxe5+ 10. Qe2 Bb4+ 11. Kd1 Bg4 0-1

[Event "Frankfurt Ch 2006"]
[Site "Ffm-Kalbach, LAZ"]
[Date "2006.05.22"]
[Round "5.34"]
[White "Zuyev, Igor"]
[Black "Krischak, Werner"]
[Result "1-0"]
[WhiteElo "1898"]
[BlackElo "1709"]
[PlyCount "91"]
[EventDate "2006.05.22"]

1. e4 c6 2. d4 d5 3. Nc3 dxe4 4. Nxe4 Bf5 5. Ng3 Bg6 6. h4 h6 7. Nf3 Nd7 8. h5
Bh7 9. Bd3 Bxd3 10. Qxd3 e6 11. Bf4 Qa5+ 12. Bd2 Qc7 13. O-O-O O-O-O 14. Qe2
Bd6 15. Ne4 Bf4 16. Kb1 Ngf6 17. Bxf4 Qxf4 18. Rh4 Qc7 19. c4 c5 20. Nxf6 Nxf6
21. Ne5 cxd4 22. Rhxd4 Rxd4 23. Rxd4 Rd8 24. Rxd8+ Kxd8 25. f4 Ke7 26. f5 Qd6
27. Nd3 Nxh5 28. fxe6 fxe6 29. Qf3 Kd8 30. Kc2 Nf6 31. Qxb7 Qc7 32. Qa6 e5 33.
Qe6 Qc8 34. Qd6+ Qd7 35. Qb8+ Qc8 36. Qd6+ Qd7 37. Qxe5 Qa4+ 38. Kc3 Qxa2 39.
Nc5 Qa5+ 40. Kd3 Qb6 41. Ne6+ Kc8 42. Nxg7 Qb3+ 43. Kd2 Ne4+ 44. Qxe4 Qxb2+ 45.
Ke3 Qxg7 46. Qa8+ 1-0

[Event "Frankfurt Ch 2006"]
[Site "Ffm-Kalbach, LAZ"]
[Date "2006.05.22"]
[Round "5.35"]
[White "Kiesewetter, Ralf"]
[Black "Bauer, Timo"]
[Result "1/2-1/2"]
[WhiteElo "1877"]
[BlackElo "1707"]
[PlyCount "105"]
[EventDate "2006.05.22"]

1. d4 Nf6 2. Nf3 b6 3. c4 Bb7 4. Nc3 e6 5. Bg5 Bb4 6. e3 h6 7. Bh4 g5 8. Bg3
Ne4 9. Rc1 h5 10. h3 Nxg3 11. fxg3 Bd6 12. Kf2 f5 13. Nb5 Be7 14. Ne5 a6 15.
Nc3 Bd6 16. Be2 Bxe5 17. Bxh5+ Kf8 18. dxe5 Qe7 19. Bf3 Ra7 20. Bxb7 Rxb7 21.
Qf3 Nc6 22. g4 Rb8 23. gxf5 Nxe5 24. Qe4 exf5 25. Qxf5+ Qf7 26. Qxf7+ Kxf7 27.
Rcd1 Ke6 28. b3 Rh7 29. Ne4 Rg7 30. Rhf1 g4 31. Ke2 gxh3 32. gxh3 Rg2+ 33. Rf2
Rbg8 34. Rdf1 a5 35. h4 Rxf2+ 36. Rxf2 Rg4 37. Ng5+ Ke7 38. Rh2 Rg1 39. Nf3 Ra1
40. a4 Ng4 41. Rh3 Kf6 42. Rg3 Ne5 43. Nxe5 Kxe5 44. h5 Rh1 45. Rg7 Ke6 46. Kf3
Rxh5 47. Ke4 Rh4+ 48. Kd3 Kd6 49. Rg5 Rh1 50. Kd4 Rd1+ 51. Kc3 Kc6 52. e4 Kd6
53. Rh5 1/2-1/2

[Event "Frankfurt Ch 2006"]
[Site "Ffm-Kalbach, LAZ"]
[Date "2006.05.22"]
[Round "5.36"]
[White "Ruebsamen, Dietmar"]
[Black "Smith-Meyer, Geir"]
[Result "1-0"]
[WhiteElo "1860"]
[BlackElo "1669"]
[PlyCount "93"]
[EventDate "2006.05.22"]

1. Nf3 Nf6 2. g3 b6 3. Bg2 Bb7 4. O-O e6 5. d3 Be7 6. e4 d6 7. Nc3 Nbd7 8. Re1
c5 9. Nd2 a6 10. a4 O-O 11. f4 Qc7 12. Nf1 Rfe8 13. Ne3 Rad8 14. g4 g6 15. g5
Nh5 16. Ng4 d5 17. Nh6+ Kf8 18. exd5 Nxf4 19. Bxf4 Qxf4 20. Rf1 Qd4+ 21. Kh1 f5
22. gxf6 Nxf6 23. Ng4 Kg7 24. Nxf6 Bxf6 25. Ne4 Rf8 26. dxe6 Be7 27. b3 Rxf1+
28. Qxf1 Rf8 29. Qg1 Qe5 30. Rf1 Rxf1 31. Qxf1 Qxe6 32. Qf4 Bc6 33. Bf3 Qf5 34.
Qg4 Bf6 35. Qg2 Be5 36. Nd2 Bxf3 37. Nxf3 Bf6 38. Nd2 Qf4 39. Qe2 h5 40. Ne4
Be5 41. a5 b5 42. Nxc5 Qc1+ 43. Kg2 Qg5+ 44. Kh3 Qf5+ 45. Kg2 h4 46. h3 Qf4 47.
Ne6+ 1-0

[Event "Frankfurt Ch 2006"]
[Site "Ffm-Kalbach, LAZ"]
[Date "2006.05.22"]
[Round "5.37"]
[White "Bender, Manfred"]
[Black "Fischer, Arthur"]
[Result "0-1"]
[WhiteElo "1739"]
[BlackElo "1858"]
[PlyCount "80"]
[EventDate "2006.05.22"]

1. e4 e6 2. Nf3 d5 3. exd5 exd5 4. d4 Bd6 5. Be3 Bg4 6. Be2 Nc6 7. O-O Nge7 8.
Ne1 Bxe2 9. Qxe2 O-O 10. c3 Nf5 11. Nf3 Re8 12. Qd3 Nxe3 13. fxe3 Re6 14. Nbd2
Qe7 15. Qf5 Rf6 16. Qxd5 Qxe3+ 17. Kh1 Qd3 18. Qe4 Rxf3 19. Rxf3 Qxd2 20. Raf1
Qh6 21. h3 Rf8 22. c4 Qe6 23. Qd3 Nd8 24. Re3 Qd7 25. a3 c6 26. Qe2 Ne6 27. Qg4
Bc7 28. Rd1 Qd6 29. g3 Rd8 30. Kg2 h6 31. d5 Ng5 32. h4 Nh7 33. Qe4 Bb6 34. Re2
Nf6 35. Qe5 Qxe5 36. Rxe5 Ng4 37. b4 Nxe5 38. c5 Rxd5 39. Rxd5 cxd5 40. cxb6
axb6 0-1

[Event "Frankfurt Ch 2006"]
[Site "Ffm-Kalbach, LAZ"]
[Date "2006.05.22"]
[Round "5.38"]
[White "Makilla, Tobias"]
[Black "Kolker, Vladislav"]
[Result "0-1"]
[WhiteElo "1682"]
[BlackElo "1856"]
[PlyCount "42"]
[EventDate "2006.05.22"]

1. e4 c5 2. Nf3 d6 3. Bb5+ Nc6 4. O-O e5 5. c3 Nf6 6. Re1 Be7 7. d4 Qc7 8. d5
a6 9. Ba4 b5 10. dxc6 bxa4 11. Qxa4 O-O 12. h3 Rb8 13. b4 cxb4 14. cxb4 d5 15.
exd5 Rxb4 16. Qd1 e4 17. Nfd2 Qe5 18. Nb3 Nxd5 19. Ba3 Bd6 20. Bxb4 Qh2+ 21.
Kf1 Nf4 0-1

[Event "Frankfurt Ch 2006"]
[Site "Ffm-Kalbach, LAZ"]
[Date "2006.05.22"]
[Round "5.39"]
[White "Gehlhar, Michael"]
[Black "Schreyer, Alois"]
[Result "1/2-1/2"]
[WhiteElo "1661"]
[BlackElo "1855"]
[PlyCount "31"]
[EventDate "2006.05.22"]

1. Nf3 Nf6 2. c4 c6 3. b3 d5 4. Bb2 Bf5 5. g3 e6 6. Bg2 Be7 7. O-O O-O 8. d3 h6
9. Nbd2 Nbd7 10. Qc2 Qa5 11. a3 Rfd8 12. b4 Qb6 13. Qb3 a5 14. c5 Qc7 15. Rfe1
Ne8 16. e4 1/2-1/2

[Event "Frankfurt Ch 2006"]
[Site "Ffm-Kalbach, LAZ"]
[Date "2006.05.22"]
[Round "5.40"]
[White "Rondio, Thomas"]
[Black "Krüger, Till"]
[Result "1/2-1/2"]
[WhiteElo "1646"]
[BlackElo "1854"]
[PlyCount "111"]
[EventDate "2006.05.22"]

1. e4 g6 2. d4 Bg7 3. Nf3 d6 4. Bc4 Nf6 5. Nc3 O-O 6. O-O Nxe4 7. Nxe4 d5 8.
Bxd5 Qxd5 9. Nc3 Qd8 10. Be3 c6 11. Qd2 Re8 12. Rad1 Bg4 13. Qe2 Qa5 14. h3
Bxf3 15. Qxf3 Nd7 16. Rfe1 Rad8 17. a3 Nf6 18. Ne4 Nxe4 19. Qxe4 a6 20. c4 Rd7
21. Re2 Qa4 22. Qc2 Qxc2 23. Rxc2 Red8 24. Rcd2 e6 25. Bg5 Re8 26. Be3 Bf6 27.
b4 Red8 28. c5 h5 29. f4 Ra8 30. Rb1 Kf8 31. a4 Rd5 32. g3 Ke7 33. h4 Bg7 34.
a5 Rad8 35. Rbd1 Kf6 36. Kg2 Kf5 37. Kf3 f6 38. Rg1 e5 39. Rgd1 R8d7 40. fxe5
fxe5 41. dxe5 Bxe5 42. Rxd5 cxd5 43. Bd4 Re7 44. Bxe5 Rxe5 45. Rd4 Ke6 46. g4
Re1 47. gxh5 gxh5 48. Kf4 Rg1 49. Kf3 Ke5 50. Rd2 Re1 51. Rg2 Kd4 52. Rg7 Kc4
53. Rxb7 d4 54. c6 Kd5 55. Rd7+ Kxc6 56. Rxd4 1/2-1/2

[Event "Frankfurt Ch 2006"]
[Site "Ffm-Kalbach, LAZ"]
[Date "2006.05.22"]
[Round "5.41"]
[White "Schöne, Matthias"]
[Black "Jordake, Michael"]
[Result "1-0"]
[WhiteElo "1846"]
[BlackElo "1572"]
[PlyCount "93"]
[EventDate "2006.05.22"]

1. e4 e5 2. Nf3 Nc6 3. Bb5 a6 4. Ba4 Nf6 5. O-O Nxe4 6. d4 b5 7. Nxe5 Nxe5 8.
dxe5 Bb7 9. Bb3 Be7 10. c3 O-O 11. Nd2 Ng5 12. f4 Bc5+ 13. Kh1 Nh3 14. Qe1 d6
15. e6 Nxf4 16. Rxf4 fxe6 17. Rxf8+ Qxf8 18. Nf1 Re8 19. Be3 d5 20. Bxc5 Qxc5
21. Qe3 Qc6 22. Qg3 Rf8 23. Ne3 Rf6 24. Rd1 Qc5 25. Qe5 Bc8 26. h3 c6 27. Ng4
Rf5 28. Qc7 Qf8 29. Kh2 c5 30. Re1 h5 31. Ne5 Rf2 32. Ng6 Qf3 33. Qxc8+ Kh7 34.
Qh8+ Kxg6 35. Rxe6+ Kf5 36. Qf8+ Kxe6 37. Qxf3 Rxf3 38. gxf3 h4 39. a4 bxa4 40.
Bxa4 Ke5 41. Kg2 c4 42. Kf2 a5 43. Ke3 g5 44. Be8 Kf5 45. Kd4 Ke6 46. Bc6 Kf5
47. Bd7+ 1-0

[Event "Frankfurt Ch 2006"]
[Site "Ffm-Kalbach, LAZ"]
[Date "2006.05.22"]
[Round "5.42"]
[White "Schönmann, Bernd"]
[Black "Winand, Edgar"]
[Result "0-1"]
[WhiteElo "1268"]
[BlackElo "1824"]
[PlyCount "56"]
[EventDate "2006.05.22"]

1. e4 g6 2. Bc4 d6 3. Nf3 e5 4. d3 Bg7 5. Ng5 Nh6 6. O-O c6 7. Nc3 Qe7 8. h3 f5
9. Qf3 f4 10. h4 Bg4 11. Bf7+ Kf8 12. Qxg4 Nxg4 13. Ne2 h6 14. Be6 hxg5 15.
Bxg4 Rxh4 16. f3 Bf6 17. g3 Rh6 18. b3 Qh7 19. Bb2 Rh1+ 20. Kf2 Qh2+ 21. Ke1
Rxf1+ 22. Kxf1 fxg3 23. Ke1 Qf2+ 24. Kd2 Ke7 25. a4 Na6 26. Rg1 Rh8 27. Rxg3
Rh2 28. f4 Qxg3 0-1

[Event "Frankfurt Ch 2006"]
[Site "Ffm-Kalbach, LAZ"]
[Date "2006.05.22"]
[Round "5.43"]
[White "Genis, Roy"]
[Black "Kletzerman, Simon"]
[Result "1-0"]
[WhiteElo "1812"]
[BlackElo "1461"]
[PlyCount "65"]
[EventDate "2006.05.22"]

1. e4 c5 2. c3 d5 3. exd5 Qxd5 4. d4 Nf6 5. Nf3 e6 6. Na3 Qd8 7. Bb5+ Nbd7 8.
dxc5 Bxc5 9. b4 Be7 10. Nc4 O-O 11. O-O a6 12. Bxd7 Nxd7 13. Bf4 Bf6 14. Qc2
Qe8 15. Bd6 Be7 16. Rfd1 Nf6 17. Nb6 Nd5 18. Bxe7 Nxb6 19. Bxf8 Qxf8 20. Ne5 f6
21. Nd3 Nc4 22. Nc5 b6 23. Qe4 Ra7 24. Nxe6 Nd6 25. Qd5 Qf7 26. Qxd6 Qxe6 27.
Qd8+ Kf7 28. Re1 Qc6 29. Re3 Bb7 30. Qe7+ Kg6 31. Rg3+ Kf5 32. Re1 Qc4 33. Qd7+
1-0

[Event "Frankfurt Ch 2006"]
[Site "Ffm-Kalbach, LAZ"]
[Date "2006.05.22"]
[Round "5.44"]
[White "Köhler, Ralph"]
[Black "Kühnel, Marcus"]
[Result "0-1"]
[WhiteElo "1202"]
[BlackElo "1807"]
[PlyCount "38"]
[EventDate "2006.05.22"]

1. d4 Nf6 2. Bf4 g6 3. Nc3 Bg7 4. e3 O-O 5. Nf3 c5 6. Nb5 Na6 7. Be2 cxd4 8.
Nbxd4 d6 9. Bg5 Ne4 10. Bxa6 Nxg5 11. Bxb7 Bxb7 12. Nxg5 Qa5+ 13. c3 Qxg5 14.
Rg1 Rab8 15. Qd2 Qa5 16. Nb3 Qb6 17. f3 a5 18. Rb1 Rfc8 19. Qc2 Qxe3+ 0-1

[Event "Frankfurt Ch 2006"]
[Site "Ffm-Kalbach, LAZ"]
[Date "2006.05.22"]
[Round "5.47"]
[White "Plattner, Rolf"]
[Black "Göbel, Andreas"]
[Result "0-1"]
[WhiteElo "1557"]
[BlackElo "1923"]
[PlyCount "96"]
[EventDate "2006.05.22"]

1. e4 c5 2. Nf3 d6 3. Bb5+ Nc6 4. O-O Bd7 5. c3 Nf6 6. Re1 e6 7. d4 Be7 8. Qe2
O-O 9. a3 a6 10. Ba4 cxd4 11. Bc2 Qb6 12. Qd3 e5 13. cxd4 Nxd4 14. Bd1 Bb5 15.
Qd2 Bc6 16. Nc3 Nb3 17. Bxb3 Qxb3 18. Qe2 h6 19. Nd2 Qb6 20. Nc4 Qc7 21. f3 b5
22. Ne3 Rfd8 23. Nf5 Bf8 24. Qf2 Bd7 25. Be3 Rab8 26. Rac1 Qb7 27. Qh4 Bxf5 28.
exf5 Qe7 29. Qf2 Rdc8 30. Rcd1 Rc6 31. Rd2 Rbc8 32. Red1 Qd7 33. g4 Qc7 34. Qh4
Rxc3 35. bxc3 Qxc3 36. Rd3 Qc6 37. Bxh6 e4 38. Rd4 exf3 39. Be3 d5 40. g5 Ne4
41. Rxd5 Qc2 42. Bf2 Nxf2 43. g6 fxg6 44. R1d2 Qe4 45. Qxf2 Rc1+ 46. Rd1 Bc5
47. Rxc1 Bxf2+ 48. Kxf2 Qxd5 0-1

[Event "Frankfurt Ch 2006"]
[Site "Ffm-Kalbach, LAZ"]
[Date "2006.05.22"]
[Round "5.48"]
[White "Kolompar, Josef"]
[Black "Schmidt, Volker"]
[Result "1-0"]
[WhiteElo "1909"]
[BlackElo "1547"]
[PlyCount "111"]
[EventDate "2006.05.22"]

1. e4 e5 2. Nf3 d6 3. Bc4 Bg4 4. Nc3 c6 5. d4 Bxf3 6. Qxf3 Qf6 7. Qh3 Nd7 8. d5
Ne7 9. O-O Ng6 10. g3 h5 11. Be3 h4 12. Qf5 Qxf5 13. exf5 Ne7 14. g4 g6 15. Ne4
Nxd5 16. fxg6 fxg6 17. Bg5 Nf4 18. Nf6+ Nxf6 19. Bxf6 Rh7 20. Rfe1 Be7 21. Bxe5
dxe5 22. Rxe5 O-O-O 23. Rae1 Bd6 24. Ra5 Kb8 25. a3 Bc7 26. Rc5 Bb6 27. Rce5
Rf8 28. Kf1 Bc7 29. Re8+ Rxe8 30. Rxe8+ Bd8 31. Rxd8+ Kc7 32. Rf8 g5 33. Rg8
Rd7 34. Ke1 b5 35. Bf1 Re7+ 36. Kd2 Re4 37. Rxg5 h3 38. Rg7+ Kb6 39. f3 Ra4 40.
Rh7 b4 41. axb4 Ra1 42. Ke3 Nd5+ 43. Kf2 Nxb4 44. c3 Nd5 45. Bc4 Rb1 46. b3
Nxc3 47. Rxh3 Nd1+ 48. Kg3 Ne3 49. Bf7 a5 50. Rh4 Nf1+ 51. Kf4 Nd2 52. g5 Nxb3
53. g6 a4 54. g7 a3 55. Bxb3 Rxb3 56. g8=Q 1-0

[Event "Frankfurt Ch 2006"]
[Site "Ffm-Kalbach, LAZ"]
[Date "2006.05.22"]
[Round "5.49"]
[White "Ebertz, Michael"]
[Black "Benikhis, Avram"]
[Result "0-1"]
[WhiteElo "1611"]
[BlackElo "1794"]
[PlyCount "112"]
[EventDate "2006.05.22"]

1. e4 e5 2. Nf3 Nf6 3. Nxe5 d6 4. Nf3 Nxe4 5. Qe2 Qe7 6. d3 Nf6 7. Bg5 Be6 8.
Nc3 Nbd7 9. O-O-O O-O-O 10. Kb1 h6 11. Bh4 g5 12. Bg3 Nh5 13. Nd4 Nxg3 14. hxg3
Nb6 15. Nxe6 fxe6 16. d4 Bg7 17. Qg4 Kb8 18. Bd3 Qf6 19. f3 Rde8 20. Rhe1 Qxd4
21. Qxd4 Bxd4 22. Bg6 Bxc3 23. bxc3 Re7 24. Rd4 Nd7 25. f4 Nc5 26. f5 Rg7 27.
g4 Kc8 28. Kb2 Kd8 29. Rd2 Ke7 30. Rde2 e5 31. c4 Kf6 32. g3 Nd7 33. Re3 Re7
34. Ra3 a6 35. Rb3 b6 36. Ra3 a5 37. Rae3 Kg7 38. Rf1 Nf6 39. Bh5 c6 40. Rb3
Rb7 41. Re1 e4 42. Kc1 Rd8 43. Rd1 d5 44. cxd5 cxd5 45. Rd4 b5 46. Kd2 Rc8 47.
Rc3 Rbc7 48. Rxc7+ Rxc7 49. c3 Rc5 50. a3 Nxh5 51. gxh5 g4 52. Ke3 Rxc3+ 53.
Kf4 Rd3 54. Rxd3 exd3 55. Ke3 Kf6 56. Kxd3 Kxf5 0-1

[Event "Frankfurt Ch 2006"]
[Site "Ffm-Kalbach, LAZ"]
[Date "2006.05.22"]
[Round "5.50"]
[White "Müllergroß, Christian"]
[Black "Krohne, Robert"]
[Result "0-1"]
[WhiteElo "1489"]
[BlackElo "1784"]
[PlyCount "124"]
[EventDate "2006.05.22"]

1. e4 e6 2. d4 d5 3. exd5 exd5 4. Nf3 Bd6 5. Bd3 Nf6 6. O-O O-O 7. Bg5 Bg4 8.
h3 Bh5 9. Nbd2 Nbd7 10. Re1 c6 11. c3 Qc7 12. Qc2 Rfe8 13. Re2 Rxe2 14. Bxe2
Re8 15. Re1 h6 16. Be3 Ne4 17. Qd1 f5 18. Nf1 Ndf6 19. N3d2 Bxe2 20. Rxe2 f4
21. Nxe4 dxe4 22. Bc1 g5 23. Qe1 Qf7 24. g4 Qg6 25. Qd1 Re7 26. f3 e3 27. Nh2
h5 28. Kg2 hxg4 29. Nxg4 Nxg4 30. hxg4 Rh7 31. Re1 Kf8 32. Rh1 Rxh1 33. Kxh1
Qh7+ 34. Kg1 Qh4 35. Qe2 Qg3+ 36. Kh1 c5 37. dxc5 Bxc5 38. b4 Bb6 39. Bb2 a5
40. a3 axb4 41. cxb4 Qh3+ 42. Kg1 Qh7 43. Kg2 Qg6 44. Bc3 Qc6 45. Qd3 Qe6 46.
Qf5+ Qxf5 47. gxf5 Kf7 48. Kh3 Bd8 49. Be1 Kf6 50. Kg4 b5 51. Bc3+ Kf7 52. Be1
Bf6 53. Kh5 Kg7 54. Kg4 Kh6 55. Kh3 Kh5 56. Kh2 g4 57. Kg2 Kg5 58. fxg4 Kxg4
59. Kf1 Kxf5 60. Ke2 Ke4 61. Kd1 f3 62. Bg3 Kd3 0-1

[Event "Frankfurt Ch 2006"]
[Site "Ffm-Kalbach, LAZ"]
[Date "2006.05.22"]
[Round "5.54"]
[White "Popp, Matthias"]
[Black "Cors, Heinz-Friedrich"]
[Result "1/2-1/2"]
[WhiteElo "1536"]
[BlackElo "1955"]
[PlyCount "44"]
[EventDate "2006.05.22"]

1. d4 Nf6 2. Nf3 e6 3. Bf4 c5 4. e3 Qb6 5. b3 Nc6 6. c3 d5 7. Bd3 Bd7 8. O-O
cxd4 9. exd4 Be7 10. Ne5 Qd8 11. Qf3 O-O 12. Qg3 g6 13. Bh6 Nh5 14. Qf3 Ng7 15.
Nd2 Nxe5 16. dxe5 Bg5 17. Bxg5 Qxg5 18. Qe3 Qxe3 19. fxe3 Nf5 20. e4 Ne7 21.
exd5 Nxd5 22. Ne4 Bc6 1/2-1/2

[Event "Frankfurt Ch 2006"]
[Site "Ffm-Kalbach, LAZ"]
[Date "2006.05.22"]
[Round "5.55"]
[White "Ludwig, Helmut"]
[Black "Kronenburg, Bernd"]
[Result "0-1"]
[WhiteElo "1496"]
[BlackElo "1695"]
[PlyCount "50"]
[EventDate "2006.05.22"]

1. d4 Nf6 2. c4 e6 3. Nf3 c5 4. Nc3 cxd4 5. Nxd4 Nc6 6. g3 Bb4 7. Bg2 Bxc3+ 8.
bxc3 Qa5 9. Nb5 O-O 10. Qd3 a6 11. Nd6 Ne8 12. O-O Nxd6 13. Qxd6 Qxc3 14. Ba3
Re8 15. Rfc1 Qe5 16. Bf3 Qf6 17. Rab1 Nd4 18. Bg4 Nf5 19. Qb6 Ne7 20. Bd6 a5
21. Qe3 Nf5 22. Qc5 Nxd6 23. Qxd6 Ra6 24. Rb6 Rxb6 25. Qxb6 Qg5 0-1

[Event "Frankfurt Ch 2006"]
[Site "Ffm-Kalbach, LAZ"]
[Date "2006.05.22"]
[Round "5.56"]
[White "Pluns, Matthias"]
[Black "Bitzer, Andre"]
[Result "1/2-1/2"]
[WhiteElo "1478"]
[BlackElo "1692"]
[PlyCount "53"]
[EventDate "2006.05.22"]

1. d4 Nf6 2. c4 e6 3. Bg5 d5 4. e3 Be7 5. Nc3 b6 6. cxd5 Nxd5 7. Bxe7 Qxe7 8.
Nxd5 exd5 9. Bb5+ Bd7 10. Bxd7+ Nxd7 11. Ne2 O-O 12. O-O Nf6 13. Nc3 Rfd8 14.
Rc1 c5 15. b3 Rac8 16. dxc5 Qxc5 17. Ne2 Qd6 18. Nd4 Qa3 19. Rxc8 Rxc8 20. Qe2
Ne4 21. Nb5 Qe7 22. f3 Nc3 23. Nxc3 Rxc3 24. Kf2 Qc5 25. Rd1 f5 26. g3 g5 27.
Rd3 1/2-1/2

[Event "Frankfurt Ch 2006"]
[Site "Ffm-Kalbach, LAZ"]
[Date "2006.05.22"]
[Round "5.57"]
[White "Bongardt, Torsten"]
[Black "Schwabe, Manfred"]
[Result "0-1"]
[WhiteElo "1338"]
[BlackElo "1680"]
[PlyCount "78"]
[EventDate "2006.05.22"]

1. d4 d5 2. Nf3 Nf6 3. Bf4 e6 4. e3 Nbd7 5. Bd3 c5 6. O-O c4 7. Be2 b5 8. b3
Bb7 9. a4 a6 10. Nc3 b4 11. Na2 c3 12. Nc1 a5 13. Bb5 Be7 14. Ne5 O-O 15. f3
Nxe5 16. Bxe5 Bd6 17. Qd3 Qc7 18. Bxd6 Qxd6 19. Ne2 Rfd8 20. Rfd1 g6 21. Ng3
Kg7 22. e4 dxe4 23. fxe4 Qf4 24. Rf1 Qd2 25. Qxd2 cxd2 26. Bd3 Rxd4 27. Rad1 e5
28. Rf2 Rad8 29. Re2 h5 30. h3 h4 31. Nf1 Bxe4 32. Rexd2 Bf5 33. Bxf5 gxf5 34.
Rxd4 exd4 35. Ne3 Kg6 36. Nc4 Rd5 37. Kf1 Ne4 38. Ne3 Ng3+ 39. Ke1 Re5 0-1

[Event "Frankfurt Ch 2006"]
[Site "Ffm-Kalbach, LAZ"]
[Date "2006.05.22"]
[Round "5.58"]
[White "Fisher, Jonathan"]
[Black "Adair, Monte"]
[Result "1/2-1/2"]
[WhiteElo "1672"]
[BlackElo "1384"]
[PlyCount "91"]
[EventDate "2006.05.22"]

1. e4 e5 2. Bc4 Nf6 3. d3 Bc5 4. Nc3 c6 5. Bb3 O-O 6. Nf3 Qc7 7. O-O Be7 8. Re1
d6 9. h3 a5 10. a4 Nbd7 11. Bg5 Nc5 12. Ba2 Be6 13. d4 exd4 14. Nxd4 Bxa2 15.
Rxa2 Ne6 16. Bh4 Nc5 17. g4 h6 18. Nf5 Bd8 19. Bg3 Ne8 20. Nxd6 Qb6 21. Kh1
Nxd6 22. Bxd6 Re8 23. Qd4 Ne6 24. Qxb6 Bxb6 25. Kg2 Rad8 26. e5 Nd4 27. Rc1 Ne6
28. Ne4 Nf4+ 29. Kh2 Ng6 30. Re1 Bd4 31. c3 Bxe5+ 32. Bxe5 Nxe5 33. Re3 f6 34.
b3 b6 35. Rae2 Kf7 36. Kg3 g5 37. f4 gxf4+ 38. Kxf4 Nd3+ 39. Kg3 Ne5 40. Kh4
Kg7 41. Kg3 Kf7 42. Kg2 Rg8 43. Ng3 Ng6 44. Kf3 Ne5+ 45. Kf2 Nd3+ 46. Kf3
1/2-1/2

[Event "Frankfurt Ch 2006"]
[Site "Ffm-Kalbach, LAZ"]
[Date "2006.05.22"]
[Round "5.59"]
[White "Krüger, Manfred"]
[Black "Ullmann, Stefan"]
[Result "0-1"]
[WhiteElo "1184"]
[BlackElo "1667"]
[PlyCount "120"]
[EventDate "2006.05.22"]

1. e4 e6 2. d4 d5 3. exd5 exd5 4. Nf3 Bd6 5. Nc3 Ne7 6. Nb5 O-O 7. Nxd6 Qxd6 8.
Be2 Nbc6 9. O-O Bf5 10. c3 Rfe8 11. Nh4 Bd7 12. Bd3 Qf6 13. Nf3 Bf5 14. Bg5 Qd6
15. Bb5 Ng6 16. h3 Re6 17. Qd2 Be4 18. Be2 Rae8 19. Be3 Bxf3 20. Bxf3 f5 21.
Qc1 Nd8 22. c4 c6 23. cxd5 cxd5 24. Qc3 Nc6 25. Qb3 Nge7 26. Rad1 b6 27. g3 Rc8
28. Bf4 Qd7 29. Be3 Na5 30. Qd3 Nc4 31. Bc1 g6 32. b3 Nd6 33. Bg5 Ne4 34. Bh6
g5 35. Bxg5 Nxg5 36. Bg2 Ne4 37. Qf3 Rec6 38. Qh5 Rc2 39. Bxe4 fxe4 40. Qg5+
Ng6 41. Ra1 Kh8 42. h4 Qf7 43. h5 Ne7 44. h6 Ng6 45. Qg4 Rf8 46. Qd1 Rxf2 47.
b4 Rxf1+ 48. Qxf1 Qxf1+ 49. Rxf1 Rxf1+ 50. Kxf1 Kg8 51. Ke2 Kf7 52. Ke3 Kf6 53.
Kf2 Kg5 54. a3 Kxh6 55. a4 Kg5 56. Kg2 Kg4 57. Kf2 h5 58. a5 bxa5 59. bxa5 Ne7
60. a6 Nf5 0-1